Research methodology: methods and techniques (Record no. 10272)

MARC details
000 -LEADER
fixed length control field 00984nam a22001817a 4500
005 - DATE AND TIME OF LATEST TRANSACTION
control field 20240715140945.0
008 - FIXED-LENGTH DATA ELEMENTS--GENERAL INFORMATION
fixed length control field 240715b ||||| |||| 00| 0 eng d
020 ## - INTERNATIONAL STANDARD BOOK NUMBER
International Standard Book Number 9789386649225
050 ## - LIBRARY OF CONGRESS CALL NUMBER
Classification number H62.K84(4e)
100 ## - MAIN ENTRY--PERSONAL NAME
9 (RLIN) .Kothari, R. C
Personal name Garg, Gaurav
245 ## - TITLE STATEMENT
Title Research methodology: methods and techniques
Statement of responsibility, etc. Kothari, R. C
250 ## - EDITION STATEMENT
Edition statement 4th ed.
260 ## - PUBLICATION, DISTRIBUTION, ETC.
Place of publication, distribution, etc. Delhi
Name of publisher, distributor, etc. New age
Date of publication, distribution, etc. 2019
300 ## - PHYSICAL DESCRIPTION
Extent xxi,458p;
Dimensions 25cm
500 ## - GENERAL NOTE
General note Includes index
505 ## - FORMATTED CONTENTS NOTE
Formatted contents note Content: Research methodology -- Defining the research problem -- Research design -- design of sample surveys -- measurement and scaling -- data collection -- data preparation -- descriptive statistics -- sampling and statistical inference -- testing of hypothesis -- chi-square test -- analysis of variance -- other nonparametric methods -- linear aggression analysis -- factor analysis -- discriminant analysis -- cluster analysis -- other multivariate techniques -- interpretation and report writing
942 ## - ADDED ENTRY ELEMENTS (KOHA)
Source of classification or shelving scheme Library of Congress Classification
Koha item type Books
Holdings
Withdrawn status Lost status Source of classification or shelving scheme Damaged status Not for loan Home library Current library Shelving location Date acquired Total Checkouts Full call number Barcode Date last seen Copy number Price effective from Koha item type
    Library of Congress Classification     WISCONSIN INTERNATIONAL UNIVERSITY COLLEGE, GHANA - MAIN LIBRARY WISCONSIN INTERNATIONAL UNIVERSITY COLLEGE, GHANA - MAIN LIBRARY Reference 15/07/2024   H62.k84(4e) nurs/847/026/24 15/07/2024 3 15/07/2024 Books
    Library of Congress Classification     WISCONSIN INTERNATIONAL UNIVERSITY COLLEGE, GHANA - MAIN LIBRARY WISCONSIN INTERNATIONAL UNIVERSITY COLLEGE, GHANA - MAIN LIBRARY Reference 15/07/2024   H62.k841(4e) nurs/848/028/24 15/07/2024 3 15/07/2024 Books
    Library of Congress Classification     WISCONSIN INTERNATIONAL UNIVERSITY COLLEGE, GHANA - MAIN LIBRARY WISCONSIN INTERNATIONAL UNIVERSITY COLLEGE, GHANA - MAIN LIBRARY Reference 15/07/2024   H62.k842(4e) nurs/849/029/24 15/07/2024 3 15/07/2024 Books

If you have any concerns or questions; kindly contact the library


© Powered by WIUC ICT DIRECTORATE